Znalosti pro tržní praxi 2014: média a komunikace v 21. století sborník z mezinárodní vědecké konference, konané 11. - 12. září 2014 v Olomouci

Gespeichert in:
Bibliographische Detailangaben
Körperschaften: Znalosti pro tržní praxi 2014: média a komunikace v 21. století. Mezinárodní vědecká konference, Filozofická fakulta Univerzity Palackého v Olomouci. Katedra aplikované ekonomie
Weitere Verfasser: Slavíčková, Pavla, Mládková, Ludmila, Jašek, Roman, Chovancová, Miloslava
Format: Buch
Sprache:Tschechisch
Englisch
Veröffentlicht: Olomouc Societas Scientiarum Olomucensis II. 2014
Ausgabe:1. vyd.
Schlagworte:
Tags: Tag hinzufügen
Keine Tags, Fügen Sie das erste Tag hinzu!

MARC

LEADER 00000nlm a2200000 4500
001 0195825
005 20240416113602.1
020 |a 978-80-87533-07-9 
041 0 |a cze 
041 0 |a eng 
044 |a CZ 
245 1 0 |a Znalosti pro tržní praxi 2014: média a komunikace v 21. století  |b sborník z mezinárodní vědecké konference, konané 11. - 12. září 2014 v Olomouci  |c editor: Pavla Slavíčková ; recenzenti: Ludmila Mládková, Roman Jašek, Miloslava Chovancová 
250 |a 1. vyd. 
264 1 |a Olomouc  |b Societas Scientiarum Olomucensis II.  |c 2014 
300 |a CD-ROM [710 s.] 
610 2 0 |a trh 
610 2 0 |a médiá 
610 2 0 |a komunikácia 
610 2 0 |a marketing 
700 1 |a Slavíčková, Pavla 
700 1 |a Mládková, Ludmila 
700 1 |a Jašek, Roman 
700 1 |a Chovancová, Miloslava 
110 2 |a Znalosti pro tržní praxi 2014: média a komunikace v 21. století. Mezinárodní vědecká konference 
710 2 |a Filozofická fakulta Univerzity Palackého v Olomouci. Katedra aplikované ekonomie